| 000 | 00349 a2200133 4500 | ||
|---|---|---|---|
| 001 | 152858 | ||
| 040 | _cEscola São Tomás de Aquino | ||
| 100 | _aNIVOLA, Claire A. | ||
| 240 | 1 | 0 |
_aPlantando as árvores do Quênia _lpor |
| 245 | 1 | 0 | _aPlantando as árvores do Quênia |
| 362 | 0 | _a2010 | |
| 697 | _aFolclore / Adivinhações / Lendas | ||
| 942 | _cBK | ||
| 999 |
_c152858 _d152858 |
||